003700000a22001090004500090001700000245006100017041001300078100003300091942001300124773010600137999001700243 aASbSeriadas10aNew and interesting species of Acanthaceae from Colombia0 aInglés1 aWasshausen, Dieter C.999208 cARTICULO1 tRevista de la Academia Colombiana de Ciencias Exactas, Fisicas y Naturales332h65q249-257d1989g17 c14328d14328